[Event "ISR-chT"]
[Site "Israel"]
[Date "2019.04.05"]
[Round "11.1"]
[White "Shvidler, Eliahu"]
[Black "Parkhov, Yair"]
[Result "1/2-1/2"]
[WhiteElo "2357"]
[BlackElo "2336"]
[PlyCount "36"]
[EventDate "2019.01.04"]
[EventType "team-tourn"]
[EventRounds "11"]
[EventCountry "ISR"]
[SourceTitle "CBM 189 Extra"]
[Source "ChessBase"]
[SourceDate "2019.06.03"]
[SourceVersion "1"]
[SourceVersionDate "2019.06.03"]
[SourceQuality "1"]
[WhiteTeam "Tel Aviv Har Tsvi"]
[BlackTeam "Tsafrir Rehovot"]
[WhiteTeamCountry "ISR"]
[BlackTeamCountry "ISR"]

1. Nf3 c5 2. g3 Nc6 3. d4 cxd4 4. Nxd4 g6 5. Bg2 Bg7 6. Nxc6 bxc6 7. 0-0 Rb8 8. Nd2 Nf6 9. Nb3 Qc7 10. Bd2 d6 11. Ba5 Qb7 12. Bc3 Qc7 13. Ba5 Qb7 14. Bc3 Qa6 15. e4 Bg4 16. Qd2 0-0 17. h3 Be6 18. Rfe1 c5 1/2-1/2

[Event "ISR-chT"]
[Site "Israel"]
[Date "2019.02.22"]
[Round "7.4"]
[White "Shvidler, Eliahu"]
[Black "Zubov, Alexander"]
[Result "0-1"]
[WhiteElo "2357"]
[BlackElo "2598"]
[PlyCount "152"]
[EventDate "2019.01.04"]
[EventType "team-tourn"]
[EventRounds "11"]
[EventCountry "ISR"]
[SourceTitle "CBM 189 Extra"]
[Source "ChessBase"]
[SourceDate "2019.06.03"]
[SourceVersion "1"]
[SourceVersionDate "2019.06.03"]
[SourceQuality "1"]
[WhiteTeam "Tel Aviv Har Tsvi"]
[BlackTeam "Petah Tikva Elitzur Dov"]
[WhiteTeamCountry "ISR"]
[BlackTeamCountry "ISR"]

1. Nf3 Nf6 2. g3 d5 3. c4 e6 4. Bg2 Be7 5. 0-0 0-0 6. d4 c6 7. Qc2 Nbd7 8. Bf4 Ne4 9. Nc3 g5 10. Be3 Nd6 11. cxd5 exd5 12. Bd2 Nb6 13. b3 Bf5 14. Qc1 f6 15. Ne1 Bg6 16. Nc2 Re8 17. Re1 Bf8 18. a4 a5 19. Ne3 Qd7 20. f3 h5 21. Ned1 Nf5 22. e3 Nc8 23. Nf2 Ncd6 24. Ne2 Ng7 25. Nc3 Ne6 26. Qd1 Nf5 27. Bh3 Qf7 28. Bf1 h4 29. g4 Nd6 30. Ne2 Qh7 31. Rc1 Bg7 32. Bc3 Bh8 33. Qd2 Qc7 34. Nd3 Qb6 35. Rb1 Bg7 36. Rb2 Qc7 37. Nf2 b5 38. Ra2 b4 39. Bb2 f5 40. gxf5 Bxf5 41. Bg2 Rad8 42. Raa1 Qd7 43. Rac1 Nf7 44. h3 Re7 45. e4 Bg6 46. e5 Rf8 47. Ng4 Nfd8 48. Rf1 Ref7 49. Rf2 Qb7 50. f4 Nxf4 51. Nxf4 Rxf4 52. Rxf4 Rxf4 53. Nf2 Bf8 54. Nd3 Rf5 55. Rf1 Ne6 56. Rxf5 Bxf5 57. Bf1 Qf7 58. Qc1 Qd7 59. Qe3 Qg7 60. Nf2 Nf4 61. Qf3 Qg6 62. Bc1 Ne6 63. Be3 Bc2 64. Qg4 Kf7 65. Qf3+ Ke8 66. Qg4 Be7 67. Be2 Kd7 68. Bd1 Qf5 69. Qe2 Bxd1 70. Qxd1 Bd8 71. Qf1 Bb6 72. Qa6 Kc7 73. Qa8 Nxd4 74. Kf1 Qxe5 75. Ng4 Qf5+ 76. Kg1 Qf3 0-1

[Event "ISR-chT"]
[Site "Israel"]
[Date "2019.02.08"]
[Round "3.1"]
[White "Shvidler, Eliahu"]
[Black "Erenberg, Ariel"]
[Result "0-1"]
[WhiteElo "2357"]
[BlackElo "2409"]
[PlyCount "122"]
[EventDate "2019.01.04"]
[EventType "team-tourn"]
[EventRounds "11"]
[EventCountry "ISR"]
[SourceTitle "CBM 188 Extra"]
[Source "ChessBase"]
[SourceDate "2019.02.26"]
[SourceVersion "1"]
[SourceVersionDate "2019.02.26"]
[SourceQuality "1"]
[WhiteTeam "Tel Aviv Har Tsvi"]
[BlackTeam "Kfar Saba Hapoel II"]
[WhiteTeamCountry "ISR"]
[BlackTeamCountry "ISR"]

1. Nf3 Nf6 2. g3 b5 3. Bg2 Bb7 4. 0-0 e6 5. d3 Be7 6. b3 d5 7. Bb2 0-0 8. e4 c5 9. Nc3 b4 10. Ne2 Nc6 11. exd5 Nxd5 12. Nd2 Bf6 13. Bxf6 Qxf6 14. Ne4 Qe7 15. c4 bxc3 16. Rc1 Rac8 17. N4xc3 Nxc3 18. Rxc3 Ne5 19. f4 Bxg2 20. Kxg2 Qb7+ 21. Kh3 Nf3 22. d4 Nxd4 23. Nxd4 cxd4 24. Qxd4 Rcd8 25. Qe3 Rd5 26. Qf3 Qd7 27. Rf2 Rd8 28. Kg2 h5 29. Re3 g6 30. Rfe2 Rd1 31. Rf2 Qd4 32. Qe4 Qa1 33. Ref3 R8d5 34. Qc2 Rc1 35. Qb2 Rg1+ 36. Kh3 Qe1 37. Qe2 Qa5 38. Rd3 Qb5 39. Re3 Qc5 40. Ref3 Rd2 41. Qe5 Qxe5 42. fxe5 Rxf2 43. Rxf2 Re1 44. Rb2 a5 45. a3 Rxe5 46. b4 Rb5 47. Kg2 Kf8 48. Kf3 Ke7 49. Ke3 axb4 50. axb4 Rd5 51. Ra2 g5 52. h4 gxh4 53. gxh4 Kd6 54. Rf2 f5 55. Kf4 Rd4+ 56. Kg5 Rxb4 57. Kxh5 Rg4 58. Rh2 e5 59. Kh6 f4 60. h5 f3 61. Ra2 e4 0-1

[Event "ISR-chT"]
[Site "Israel"]
[Date "2019.01.04"]
[Round "1.5"]
[White "Khmelniker, Ilya"]
[Black "Shvidler, Eliahu"]
[Result "1-0"]
[WhiteElo "2483"]
[BlackElo "2357"]
[PlyCount "63"]
[EventDate "2019.01.04"]
[EventType "team-tourn"]
[EventRounds "11"]
[EventCountry "ISR"]
[SourceTitle "CBM 188 Extra"]
[Source "ChessBase"]
[SourceDate "2019.02.26"]
[SourceVersion "1"]
[SourceVersionDate "2019.02.26"]
[SourceQuality "1"]
[WhiteTeam "Beer Sheva Yud Alef"]
[BlackTeam "Tel Aviv Har Tsvi"]
[WhiteTeamCountry "ISR"]
[BlackTeamCountry "ISR"]

1. c4 c5 2. Nf3 Nc6 3. Nc3 g6 4. g3 Bg7 5. Bg2 e6 6. d4 cxd4 7. Nb5 d5 8. cxd5 exd5 9. 0-0 Nge7 10. Nbxd4 0-0 11. Be3 Nf5 12. Nxf5 Bxf5 13. Qd2 Qf6 14. Rad1 Qxb2 15. Qxb2 Bxb2 16. Rxd5 a6 17. Ng5 Rfe8 18. h3 h5 19. g4 hxg4 20. hxg4 Bxg4 21. Rb1 Bg7 22. Rxb7 Ne7 23. Rd2 Rac8 24. Bf4 Bc3 25. Ne4 Bf5 26. Nxc3 Rxc3 27. Be5 Rc1+ 28. Kh2 Nc6 29. Bf6 Ne5 30. f3 Rc4 31. Re7 Rc1 32. Rb7 1-0

[Event "ISR-chT"]
[Site "Israel"]
[Date "2017.03.10"]
[Round "9"]
[White "Steinberg, Nitzan"]
[Black "Shvidler, Eliahu"]
[Result "1-0"]
[WhiteElo "2532"]
[BlackElo "2374"]
[PlyCount "77"]
[EventDate "2017.01.09"]
[EventType "team-tourn"]
[EventRounds "11"]
[EventCountry "ISR"]
[SourceTitle "EXT 2018"]
[Source "ChessBase"]
[SourceDate "2017.10.13"]
[SourceVersion "1"]
[SourceVersionDate "2017.10.13"]
[SourceQuality "1"]

1. e4 e5 2. Nf3 Nf6 3. Nxe5 d6 4. Nf3 Nxe4 5. Nc3 Nf6 6. d4 Nc6 7. h3 Be7 8. d5 Ne5 9. Nd4 0-0 10. Be3 Bd7 11. f4 Ng6 12. g4 c6 13. dxc6 bxc6 14. g5 Ne8 15. h4 d5 16. h5 Nh8 17. Nf3 Nd6 18. Qd2 Nf5 19. 0-0-0 Bd6 20. Bf2 Rb8 21. Ne5 Qc7 22. Bd3 Be6 23. Rde1 Qb7 24. b3 Rfe8 25. Na4 Bb4 26. c3 Ba3+ 27. Kb1 d4 28. Qc2 Qc8 29. cxd4 Rb4 30. Nc5 Nxd4 31. Bxh7+ Kf8 32. Bxd4 Rxd4 33. f5 Rd5 34. fxe6 fxe6 35. Rhf1+ Ke7 36. Nxe6 Bd6 37. Nxc6+ Kd7 38. Bf5 Rxf5 39. Qxf5 1-0

[Event "ISR-chT 0809"]
[Site "Israel"]
[Date "2009.05.08"]
[Round "7"]
[White "Postny, Evgeny"]
[Black "Shvidler, Eliahu"]
[Result "1-0"]
[WhiteElo "2674"]
[BlackElo "2413"]
[PlyCount "107"]
[EventDate "2008.12.12"]
[EventType "team-tourn"]
[EventRounds "11"]
[EventCountry "ISR"]
[SourceTitle "EXT 2010"]
[Source "ChessBase"]
[SourceDate "2010.11.25"]
[SourceVersion "1"]
[SourceVersionDate "2010.11.25"]
[SourceQuality "1"]

1. d4 d5 2. c4 c6 3. Nf3 e6 4. g3 Nd7 5. Bg2 dxc4 6. a4 Bb4+ 7. Bd2 Qe7 8. Na3 Ngf6 9. 0-0 c3 10. Bxc3 Bxc3 11. bxc3 e5 12. Nc4 exd4 13. cxd4 Nb6 14. Nxb6 axb6 15. Qc2 0-0 16. Rfb1 Qd8 17. e3 Be6 18. Ng5 Bc8 19. Qb3 Ra5 20. Ne4 Nxe4 21. Bxe4 b5 22. Qc2 f5 23. Bf3 bxa4 24. Rxa4 Rxa4 25. Qxa4 Qd6 26. Qb3+ Kh8 27. Qb6 Qf6 28. h4 g6 29. Ra1 Kg7 30. Ra8 Qe7 31. Qb2 Kh6 32. d5 cxd5 33. Bxd5 Rd8 34. Bf3 f4 35. Qc1 fxg3 36. e4+ Kg7 37. Rxc8 gxf2+ 38. Kg2 Rxc8 39. Qxc8 Qxh4 40. Qxb7+ Kh6 41. Qb5 Qg5+ 42. Qxg5+ Kxg5 43. Kxf2 Kf4 44. Ke2 g5 45. Bg2 g4 46. Kd3 h5 47. Kd4 h4 48. e5 h3 49. Bf1 Kf3 50. e6 Kf2 51. e7 h2 52. e8Q h1Q 53. Qe2+ Kg3 54. Qe1+ 1-0

[Event "ISR-chT 0809"]
[Site "Israel"]
[Date "2009.01.09"]
[Round "5"]
[White "Shvidler, Eliahu"]
[Black "Mikhalevski, Alexander"]
[Result "1-0"]
[WhiteElo "2413"]
[BlackElo "2444"]
[PlyCount "109"]
[EventDate "2008.12.12"]
[EventType "team-tourn"]
[EventRounds "11"]
[EventCountry "ISR"]
[SourceTitle "EXT 2010"]
[Source "ChessBase"]
[SourceDate "2010.11.25"]
[SourceVersion "1"]
[SourceVersionDate "2010.11.25"]
[SourceQuality "1"]

1. d4 d5 2. Nf3 Nf6 3. c4 e6 4. g3 dxc4 5. Qa4+ Nbd7 6. Qxc4 a6 7. Bg2 b5 8. Qd3 Bb7 9. 0-0 c5 10. Bg5 h6 11. Bxf6 Nxf6 12. a4 c4 13. Qc2 Be7 14. Nbd2 Rc8 15. axb5 axb5 16. Ra7 Qb6 17. Rfa1 Rc7 18. Ne5 Nd5 19. Ndxc4 Rxc4 20. Nxc4 bxc4 21. Qa4+ Bc6 22. Qa6 Qxa6 23. R1xa6 Bd7 24. Ra8+ Bd8 25. Bxd5 exd5 26. Rd6 h5 27. Rxd5 Rh6 28. Re5+ Re6 29. Rxe6+ fxe6 30. f3 Ke7 31. Kf2 g5 32. Ke3 Bc6 33. Ra7+ Kd6 34. f4 gxf4+ 35. gxf4 h4 36. Rh7 Bg2 37. Rh6 h3 38. Kf2 Kd5 39. Ke3 Kd6 40. Kf2 Kd5 41. e3 Be7 42. Rh5+ Ke4 43. d5 Kd3 44. dxe6 Bf6 45. Rh6 Be7 46. Rh8 Kc2 47. Rh7 Bf6 48. e7 Bxe7 49. Rxe7 Kxb2 50. e4 c3 51. Ke3 c2 52. Rb7+ Kc1 53. f5 Kd1 54. Rd7+ Ke1 55. Rc7 1-0

[Event "ISR-chT"]
[Site "Israel"]
[Date "2003.03.28"]
[Round "8"]
[White "Kreizberg, Michael"]
[Black "Shvidler, Eliahu"]
[Result "1/2-1/2"]
[WhiteElo "2339"]
[BlackElo "2450"]
[PlyCount "75"]
[EventDate "2003.01.??"]
[EventType "team"]
[EventRounds "11"]
[EventCountry "ISR"]
[SourceTitle "EXT 2004"]
[Source "ChessBase"]
[SourceDate "2003.11.25"]
[SourceVersion "1"]
[SourceVersionDate "2003.11.25"]
[SourceQuality "1"]

1. Nf3 d5 2. d4 c6 3. c4 Nf6 4. e3 g6 5. Be2 Bg7 6. 0-0 0-0 7. Nc3 Be6 8. cxd5 Bxd5 9. Qc2 Bxf3 10. Bxf3 Nbd7 11. Rd1 e6 12. e4 Qe7 13. Bg5 e5 14. d5 h6 15. Bh4 Rfc8 16. Rac1 Qe8 17. Qd2 Qf8 18. h3 Nb6 19. b3 Kh7 20. dxc6 bxc6 21. Qd6 Qxd6 22. Rxd6 Ne8 23. Rd3 Bf6 24. Bg3 Rd8 25. Rcd1 Rxd3 26. Rxd3 h5 27. Be2 Rc8 28. a4 Rc7 29. f3 Ng7 30. a5 Nd7 31. Bf2 Be7 32. Na4 Ne6 33. Kf1 Kg7 34. Rd1 Ndc5 35. Nxc5 Bxc5 36. Bxc5 Nxc5 37. Bc4 Rb7 38. Rd6 1/2-1/2

[Event "ISR-chT"]
[Site "Israel"]
[Date "2003.01.25"]
[Round "2"]
[White "Shvidler, Eliahu"]
[Black "Kaspi, Alexander"]
[Result "1/2-1/2"]
[WhiteElo "2450"]
[BlackElo "2430"]
[PlyCount "101"]
[EventDate "2003.01.??"]
[EventType "team"]
[EventRounds "11"]
[EventCountry "ISR"]
[SourceTitle "EXT 2004"]
[Source "ChessBase"]
[SourceDate "2003.11.25"]
[SourceVersion "1"]
[SourceVersionDate "2003.11.25"]
[SourceQuality "1"]

1. d4 d5 2. c4 c6 3. Nf3 Nf6 4. Nc3 dxc4 5. a4 a5 6. e4 Bg4 7. Bxc4 e6 8. h3 Bxf3 9. gxf3 Na6 10. Be3 Nb4 11. Qb3 g6 12. Rd1 Bg7 13. Ne2 Rb8 14. Nf4 Qe7 15. h4 b5 16. Be2 0-0 17. h5 Rfd8 18. hxg6 hxg6 19. Rd2 bxa4 20. Qxa4 c5 21. dxc5 Rxd2 22. Bxd2 Qxc5 23. Kf1 Qc2 24. Qxc2 Nxc2 25. Nd3 Nb4 26. Nxb4 axb4 27. b3 Nh5 28. f4 Bc3 29. Be3 Nf6 30. Bf3 Ra8 31. Ke2 Ra3 32. Rb1 Ne8 33. Kd3 Ra8 34. Rd1 Rc8 35. Ke2 Nc7 36. Rd7 Na6 37. e5 Nc5 38. Bb7 Nxb7 39. Rxb7 Rd8 40. Bb6 Rd2+ 41. Ke3 g5 42. fxg5 Rb2 43. f4 Rxb3 44. Ke4 Rb1 45. Bd8 Re1+ 46. Kf3 Kg7 47. Be7 Kg6 48. Bc5 Rf1+ 49. Ke3 Re1+ 50. Kd3 Rd1+ 51. Ke3 1/2-1/2

[Event "ISR-chT"]
[Site "Israel"]
[Date "2002.02.02"]
[Round "4"]
[White "Shvidler, Eliahu"]
[Black "Gerzhoy, Leonid"]
[Result "1/2-1/2"]
[WhiteElo "2451"]
[BlackElo "2332"]
[PlyCount "94"]
[EventDate "2002.01.10"]
[EventType "team"]
[EventRounds "11"]
[EventCountry "ISR"]
[SourceTitle "EXT 2003"]
[Source "ChessBase"]
[SourceDate "2002.11.25"]
[SourceVersion "1"]
[SourceVersionDate "2002.11.25"]
[SourceQuality "1"]

1. d4 Nf6 2. Nf3 e6 3. g3 d5 4. c4 Be7 5. Bg2 0-0 6. 0-0 dxc4 7. Qc2 a6 8. Qxc4 b5 9. Qc2 Bb7 10. Bf4 Nc6 11. Rd1 Nb4 12. Qc1 Rc8 13. Nc3 Nbd5 14. Nxd5 Bxd5 15. Be3 c6 16. Ne1 Bxg2 17. Nxg2 Nd5 18. Ne1 Bf6 19. Qd2 Qb6 20. Bg5 Rfd8 21. Rac1 h6 22. Bxf6 Nxf6 23. Nf3 a5 24. Qc2 c5 25. dxc5 Rxd1+ 26. Qxd1 Rxc5 27. Rxc5 Qxc5 28. Qd8+ Kh7 29. Qd4 Qc2 30. Qd3+ Qxd3 31. exd3 Nd5 32. Nd4 Nb4 33. Nxb5 Nxa2 34. Na3 Nb4 35. Nc4 Nc6 36. f4 g5 37. Kf2 gxf4 38. gxf4 Kg6 39. Kf3 Kf6 40. Ke4 Ke7 41. f5 Kf6 42. fxe6 Kxe6 43. Ne3 Ne7 44. d4 f5+ 45. Kf4 Nd5+ 46. Nxd5 Kxd5 47. Kxf5 Kxd4 1/2-1/2

[Event "ISR-chT"]
[Site "Israel"]
[Date "2002.01.26"]
[Round "3"]
[White "Shvidler, Eliahu"]
[Black "Tyomkin, Dimitri"]
[Result "1/2-1/2"]
[WhiteElo "2451"]
[BlackElo "2501"]
[PlyCount "105"]
[EventDate "2002.01.10"]
[EventType "team"]
[EventRounds "11"]
[EventCountry "ISR"]
[SourceTitle "EXT 2003"]
[Source "ChessBase"]
[SourceDate "2002.11.25"]
[SourceVersion "1"]
[SourceVersionDate "2002.11.25"]
[SourceQuality "1"]

1. d4 Nf6 2. Nf3 g6 3. g3 Bg7 4. Bg2 0-0 5. 0-0 d5 6. Bf4 Nh5 7. Be3 Nf6 8. Qc1 Re8 9. Rd1 c6 10. Nbd2 Na6 11. a3 Ng4 12. Bf4 Qb6 13. e3 f6 14. h3 Nxf2 15. Kxf2 e5 16. b4 g5 17. Bxe5 fxe5 18. Nxe5 Bxe5 19. dxe5 Rxe5 20. Nf3 Rf5 21. Kg1 h6 22. c4 Be6 23. Nd4 Rf6 24. Rf1 Raf8 25. Qc3 Rxf1+ 26. Rxf1 Rxf1+ 27. Bxf1 Bd7 28. Qc2 Kg7 29. Qb2 Kg8 30. Qf2 Qd8 31. Bd3 Nc7 32. cxd5 Nxd5 33. e4 Nb6 34. e5 Bxh3 35. Qe3 Qd5 36. Be4 Qa2 37. e6 Nc8 38. Bc2 Qd5 39. Be4 Qa2 40. Bf3 Ne7 41. g4 Qa1+ 42. Kh2 Bf1 43. Qe5 Qb2+ 44. Kg3 Qd2 45. Nf5 Qf4+ 46. Qxf4 gxf4+ 47. Kxf4 Ng6+ 48. Ke4 Bc4 49. e7 Bd5+ 50. Kd4 Kf7 51. Bxd5+ cxd5 52. Kxd5 Nxe7+ 53. Ke5 1/2-1/2

[Event "ISR-chT"]
[Site "Ramat Aviv"]
[Date "2000.03.03"]
[Round "4.3"]
[White "Greenfeld, Alon"]
[Black "Shvidler, Eliahu"]
[Result "1/2-1/2"]
[WhiteElo "2563"]
[BlackElo "2451"]
[PlyCount "95"]
[EventDate "2000.01.14"]
[EventType "team"]
[EventRounds "11"]
[EventCountry "ISR"]
[SourceTitle "CBM 077"]
[Source "ChessBase"]
[SourceDate "2000.07.27"]
[SourceVersion "1"]
[SourceVersionDate "2000.07.27"]
[SourceQuality "1"]
[WhiteTeam "Beer Sheva"]
[BlackTeam "Tel Aviv Ironi"]
[WhiteTeamCountry "ISR"]
[BlackTeamCountry "ISR"]

1. d4 d5 2. c4 c6 3. Nc3 Nf6 4. e3 g6 5. Nf3 Bg7 6. Be2 0-0 7. 0-0 a6 8. a4 Nbd7 9. a5 dxc4 10. e4 b5 11. axb6 Nxb6 12. Ne5 Bb7 13. Be3 Ne8 14. Nxc4 Nxc4 15. Bxc4 Nd6 16. Qd3 a5 17. Rfc1 Nxc4 18. Qxc4 Kh8 19. Na4 f5 20. exf5 gxf5 21. Nc5 Bc8 22. f4 Rf6 23. Ra4 Rb8 24. Qc3 Rb5 25. Rca1 Rd6 26. Kh1 Rd5 27. Rc4 h6 28. Nd3 Bd7 29. Re1 Be8 30. Bf2 Bf6 31. Ne5 Bxe5 32. fxe5 e6 33. Qh3 Qg5 34. Be3 f4 35. Bc1 Rb4 36. Rxb4 axb4 37. Qxe6 Bd7 38. Qf7 Rxd4 39. Rf1 Qf5 40. Qe7 Be6 41. Qe8+ Kh7 42. Qxc6 Qxe5 43. Qc2+ Bf5 44. Qf2 Bd3 45. Bxf4 Qe2 46. Be3 Qxf1+ 47. Qxf1 Bxf1 48. Bxd4 1/2-1/2

[Event "ISR-chT"]
[Site "Israel"]
[Date "1999.04.09"]
[Round "7"]
[White "Shvidler, Eliahu"]
[Black "Smirin, Ilia"]
[Result "0-1"]
[WhiteElo "2455"]
[BlackElo "2652"]
[PlyCount "96"]
[EventDate "1999.01.??"]
[EventType "team"]
[EventRounds "11"]
[EventCountry "ISR"]
[SourceTitle "CBM 070"]
[Source "ChessBase"]
[SourceDate "1999.06.08"]
[SourceVersion "1"]
[SourceVersionDate "1999.06.08"]
[SourceQuality "1"]

1. d4 Nf6 2. Nf3 g6 3. g3 Bg7 4. Bg2 0-0 5. 0-0 d6 6. Nc3 d5 7. Re1 Ne4 8. Ng5 Nxc3 9. bxc3 c5 10. Rb1 Nc6 11. e4 dxe4 12. d5 Ne5 13. Nxe4 b6 14. Bg5 h6 15. Bf4 Nc4 16. Qd3 Nd6 17. Nxd6 exd6 18. c4 Qf6 19. Bc1 Bf5 20. Be4 Rfe8 21. Bb2 Bxe4 22. Rxe4 Qf5 23. Rxe8+ Rxe8 24. Bxg7 Kxg7 25. a4 Re4 26. Rd1 h5 27. f3 Rd4 28. Qc3 Qf6 29. Re1 g5 30. Kg2 g4 31. Re4 Rd2+ 32. Qxd2 Qxf3+ 33. Kg1 Qxe4 34. Qg5+ Qg6 35. Qe7 Qf6 36. Qxa7 Qd4+ 37. Kg2 Qxc4 38. Qxb6 Qxd5+ 39. Kf2 Qd2+ 40. Kf1 Qd1+ 41. Kf2 Qxc2+ 42. Ke3 d5 43. a5 d4+ 44. Kf4 d3 45. Kg5 d2 46. Qf6+ Kg8 47. Qd8+ Kh7 48. Qd7 Kg7 0-1

[Event "ISR-chT"]
[Site "Israel"]
[Date "1999.03.26"]
[Round "5"]
[White "Shvidler, Eliahu"]
[Black "Soffer, Ram"]
[Result "1/2-1/2"]
[WhiteElo "2455"]
[BlackElo "2513"]
[PlyCount "26"]
[EventDate "1999.01.??"]
[EventType "team"]
[EventRounds "11"]
[EventCountry "ISR"]
[SourceTitle "EXT 2000"]
[Source "ChessBase"]
[SourceDate "1999.11.16"]
[SourceVersion "1"]
[SourceVersionDate "1999.11.16"]
[SourceQuality "1"]

1. d4 d5 2. Nf3 c6 3. c4 e6 4. Qc2 Nf6 5. g3 Be7 6. Bg2 0-0 7. 0-0 b6 8. Nbd2 Bb7 9. Rd1 Nbd7 10. b3 Rc8 11. Bb2 Qc7 12. Rac1 Qb8 13. e4 Rfd8 1/2-1/2

[Event "Tel Aviv Cup rapid"]
[Site "Tel Aviv"]
[Date "1996.??.??"]
[Round "1"]
[White "Blodstein, Arkady"]
[Black "Shvidler, Eliahu"]
[Result "1/2-1/2"]
[WhiteElo "2365"]
[BlackElo "2460"]
[PlyCount "59"]
[EventDate "1996.??.??"]
[EventType "k.o. (rapid)"]
[EventRounds "6"]
[EventCountry "ISR"]
[SourceTitle "CBM 052 Extra"]
[Source "ChessBase"]
[SourceDate "1996.07.01"]
[SourceVersion "1"]
[SourceVersionDate "1996.07.01"]
[SourceQuality "1"]

1. c4 c6 2. Nf3 d5 3. b3 Bg4 4. Bb2 e6 5. e3 Nf6 6. Be2 Nbd7 7. 0-0 Bd6 8. h3 Bxf3 9. Bxf3 0-0 10. d3 Qe7 11. Nc3 Rfd8 12. cxd5 exd5 13. Ne2 Be5 14. Bxe5 Nxe5 15. Ng3 g6 16. Be2 Ned7 17. Qd2 Re8 18. Rfe1 a5 19. Qb2 Qe5 20. Qxe5 Rxe5 21. d4 Ree8 22. Bd3 h5 23. f3 Nf8 24. Kh2 Ne6 25. Ne2 h4 26. Nc3 Nd7 27. Rab1 Rec8 28. a4 Nf6 29. f4 c5 30. Ne2 1/2-1/2

[Event "Tel Aviv Cup rapid"]
[Site "Tel Aviv"]
[Date "1996.??.??"]
[Round "1"]
[White "Shvidler, Eliahu"]
[Black "Blodstein, Arkady"]
[Result "0-1"]
[WhiteElo "2460"]
[BlackElo "2365"]
[PlyCount "40"]
[EventDate "1996.??.??"]
[EventType "k.o. (rapid)"]
[EventRounds "6"]
[EventCountry "ISR"]
[SourceTitle "CBM 052 Extra"]
[Source "ChessBase"]
[SourceDate "1996.07.01"]
[SourceVersion "1"]
[SourceVersionDate "1996.07.01"]
[SourceQuality "1"]

1. d4 Nf6 2. Nf3 c5 3. e3 g6 4. dxc5 Bg7 5. a3 Qc7 6. b4 a5 7. Bb2 Nc6 8. b5 Nd8 9. Bd4 Ne6 10. b6 Qd8 11. Nbd2 0-0 12. Be2 d6 13. cxd6 Nxd4 14. exd4 exd6 15. 0-0 Nd5 16. Nc4 Nxb6 17. Ne3 Bd7 18. c3 Qc8 19. Rb1 a4 20. Rb4 d5 0-1

[Event "Tel Aviv Cup rapid"]
[Site "Tel Aviv"]
[Date "1996.??.??"]
[Round "1"]
[White "Shvidler, Eliahu"]
[Black "Blodstein, Arkady"]
[Result "1/2-1/2"]
[WhiteElo "2460"]
[BlackElo "2365"]
[PlyCount "43"]
[EventDate "1996.??.??"]
[EventType "k.o. (rapid)"]
[EventRounds "6"]
[EventCountry "ISR"]
[SourceTitle "CBM 052 Extra"]
[Source "ChessBase"]
[SourceDate "1996.07.01"]
[SourceVersion "1"]
[SourceVersionDate "1996.07.01"]
[SourceQuality "1"]

1. d4 Nf6 2. Nf3 g6 3. c4 Bg7 4. Nc3 c5 5. d5 0-0 6. e4 d6 7. h3 e6 8. Bd3 exd5 9. exd5 Na6 10. 0-0 Nc7 11. Bf4 a6 12. a4 b6 13. Qd2 Rb8 14. Bg5 Qd7 15. b3 Bb7 16. Rfe1 Rfe8 17. Rxe8+ Rxe8 18. Re1 Rxe1+ 19. Nxe1 Bc8 20. Nc2 a5 21. Na3 Nfe8 22. Nab5 1/2-1/2

[Event "ISR-chT"]
[Site "Israel"]
[Date "1996.??.??"]
[Round "9"]
[White "Shvidler, Eliahu"]
[Black "Liberzon, Vladimir Mikhailovi"]
[Result "1-0"]
[WhiteElo "2460"]
[BlackElo "2435"]
[PlyCount "79"]
[EventDate "1996.??.??"]
[EventType "team"]
[EventRounds "11"]
[EventCountry "ISR"]
[SourceTitle "CBM 052 Extra"]
[Source "ChessBase"]
[SourceDate "1996.07.01"]
[SourceVersion "1"]
[SourceVersionDate "1996.07.01"]
[SourceQuality "1"]

1. d4 d5 2. Nf3 Nf6 3. c4 e6 4. Nc3 Be7 5. Bf4 c5 6. dxc5 Na6 7. e3 Nxc5 8. cxd5 exd5 9. Be2 0-0 10. 0-0 Bg4 11. h3 Bh5 12. Rc1 Rc8 13. Be5 Nce4 14. Bxf6 Nxf6 15. Qb3 b6 16. Rcd1 Rc5 17. e4 Bd6 18. exd5 Re8 19. Rfe1 a6 20. Nd4 Bxe2 21. Rxe2 Rxe2 22. Ndxe2 b5 23. a4 bxa4 24. Qxa4 Qa5 25. Qd4 Rc8 26. Ng3 Re8 27. Nge4 Nxe4 28. Nxe4 Be5 29. Qc4 Qb5 30. b3 Rd8 31. Nc5 Bd6 32. Nxa6 Qxc4 33. bxc4 Ra8 34. Ra1 Kf8 35. Ra4 Re8 36. Kf1 Ke7 37. Ke2 f5 38. Kd3 Kd7 39. Kd4 Re5 40. Nc5+ 1-0

[Event "ISR-chT"]
[Site "Israel"]
[Date "1996.??.??"]
[Round "8"]
[White "Zoler, Dan"]
[Black "Shvidler, Eliahu"]
[Result "1-0"]
[WhiteElo "2455"]
[BlackElo "2460"]
[PlyCount "103"]
[EventDate "1996.??.??"]
[EventType "team"]
[EventRounds "11"]
[EventCountry "ISR"]
[SourceTitle "CBM 052 Extra"]
[Source "ChessBase"]
[SourceDate "1996.07.01"]
[SourceVersion "1"]
[SourceVersionDate "1996.07.01"]
[SourceQuality "1"]

1. Nf3 d5 2. g3 c6 3. b3 Bg4 4. Bg2 Nd7 5. Bb2 Ngf6 6. 0-0 e6 7. d3 Bxf3 8. Bxf3 Bc5 9. e3 0-0 10. Nd2 Qe7 11. a3 Bd6 12. Qe2 a5 13. c4 Nc5 14. Bg2 dxc4 15. dxc4 Rfd8 16. Rfd1 Rd7 17. b4 Na4 18. Bxf6 gxf6 19. Ne4 f5 20. Nxd6 Rxd6 21. Rxd6 Qxd6 22. Qe1 Qe5 23. Rc1 axb4 24. axb4 Nb6 25. Qd2 Kg7 26. f4 Qf6 27. b5 Ra1 28. Qe1 Ra4 29. Qe2 Ra1 30. Qd1 Rxc1 31. Qxc1 cxb5 32. cxb5 Nd5 33. Bxd5 exd5 34. Qd2 Qb6 35. Qb2+ f6 36. Kf2 Qc5 37. Ke2 Qc4+ 38. Kd2 b6 39. Qb1 Kg6 40. g4 Qe4 41. Qxe4 dxe4 42. h3 fxg4 43. hxg4 h5 44. f5+ Kg5 45. gxh5 Kxh5 46. Kc3 Kg4 47. Kc4 Kxf5 48. Kd5 Kg5 49. Kxe4 f5+ 50. Ke5 Kg6 51. e4 fxe4 52. Kxe4 1-0

[Event "Czerniak Memorial 11th"]
[Site "Tel Aviv"]
[Date "1995.??.??"]
[Round "2"]
[White "Ilfeld, Etan"]
[Black "Shvidler, Eliahu"]
[Result "0-1"]
[WhiteElo "2195"]
[BlackElo "2455"]
[PlyCount "152"]
[EventDate "1995.??.??"]
[EventType "tourn"]
[EventRounds "11"]
[EventCountry "ISR"]
[EventCategory "4"]
[SourceTitle "EXT 1997"]
[Source "ChessBase"]
[SourceDate "1996.11.15"]
[SourceVersion "1"]
[SourceVersionDate "1996.11.15"]
[SourceQuality "1"]

1. e4 e5 2. Nf3 Nc6 3. Bb5 a6 4. Ba4 Nf6 5. d4 exd4 6. 0-0 Be7 7. e5 Ne4 8. Nxd4 0-0 9. Nf5 d5 10. Bxc6 bxc6 11. Nxe7+ Qxe7 12. Re1 Re8 13. f3 Nd6 14. Bd2 Nf5 15. Bf4 Qb4 16. Bc1 f6 17. Nc3 Qd4+ 18. Be3 Qxd1 19. Raxd1 Nxe3 20. Rxe3 fxe5 21. Na4 Bf5 22. Rde1 Bxc2 23. Nc5 d4 24. R3e2 Bg6 25. Kf2 Rad8 26. Rd2 a5 27. Rc1 Ra8 28. Nd7 Re7 29. Nc5 a4 30. Nb7 Bf7 31. a3 Bd5 32. Nc5 Ra5 33. Nb7 Ra8 34. Nc5 h6 35. h3 Kf7 36. Re1 Ra5 37. Rc1 Re8 38. Kg1 Kg6 39. Re2 Kf5 40. Kf2 Re7 41. Rd2 h5 42. h4 Re8 43. Kg3 Rb8 44. Re2 Re8 45. Nb7 Raa8 46. Nc5 Re7 47. Rce1 Bc4 48. Rc2 Bb5 49. Rd2 Rd8 50. Kf2 Rd5 51. Rc1 Re8 52. Ne4 g6 53. Ke1 Rf8 54. Kf2 Ke6 55. Rcc2 Rf4 56. g3 Rf8 57. Rc1 Ke7 58. Rcc2 Rf5 59. Rc1 Rd8 60. Kg2 Rdf8 61. Ng5 Kd6 62. Ne4+ Ke6 63. Rcc2 Kd7 64. Ng5 Rxg5 65. hxg5 Ke6 66. Rc1 Kd5 67. Rdc2 d3 68. Rd2 Rf5 69. Re1 Rxg5 70. Re3 c5 71. Re4 c4 72. Kf2 Bc6 73. Rd1 Kc5 74. Rh4 Rf5 75. f4 Kd4 76. Rh3 e4 0-1